000 00510nam a22001697a 4500
005 20250521144018.0
008 250521b |||||||| |||| 00| 0 eng d
020 _a9 780582447011
050 _aQK 911 .S55 1987
_bC.1
100 _aSILVERTOWN, JONATHAN
245 _aINTRODUCTION TO PLANTS POPULATION ECOLOGY
250 _a2ND EDITION
260 _aBRITISH
_bLONGMAN SCIENTIFIC AND TECHNICAL
_c1987
500 _aINCLUDES BIBLIOGRAPHY,INDEXES
650 _aPOPULATION ECOLOGY OF PLANTS
942 _2lcc
_cBK
999 _c215488
_d215488